Vplyv ťažby a približovacích technológií lanovým systémom Steyer KSK na poškodenie následného porastu pri okrajovom rube v rovnorodých bukových porastoch

Bibliographic Details
Main Author: Saniga, Milan, 1951- (Author)
Format: Article
Language:Slovak
PhysicalDescription:Tb. 7. Res. angl., rus., nem., lit. 8 zázn. v slov., nem.
Subjects:

MARC

LEADER 00000nab a2200000 a 4500
001 vtls000356166
003 SK-MaSNL
005 20260303161452.0
008 230223c1988 xo 0 slo
015 |a SNBRA19rr/mm-uuuuu 
035 |a CL0356288 
035 |a urn:nbn:sk:snk-aba9ep 
035 |a (urnnbn)urn:nbn:sk:snk:ar-a09loi 
035 |a (uuid)a99901f9-ed8d-4d1f-b912-fcb9203d3829 
040 |a SNKBUCL  |b slo  |c SNKBUCL  |e AACR2 
041 0 |a slo 
044 |a xo  |c SK 
080 |a 630 41:630 32/34  |2 1981 
080 |a 630 32/34  |2 1981 
100 1 |a Saniga, Milan,  |d 1951-  |4 aut  |9 198189 
245 1 0 |a Vplyv ťažby a približovacích technológií lanovým systémom Steyer KSK na poškodenie následného porastu pri okrajovom rube v rovnorodých bukových porastoch  |c Milan Saniga 
300 |b Tb. 7. Res. angl., rus., nem., lit. 8 zázn. v slov., nem. 
650 0 7 |a lesy  |2 snkbucl  |9 1437 
650 0 7 |a bukové porasty  |2 snkbucl  |9 78544 
650 0 7 |a ťažba dreva  |2 snkbucl  |9 16648 
655 7 |a články zo zborníkov  |2 snkbucl  |9 166140 
773 0 |t Acta Facultatis forestalis Zvolen 30  |d Bratislava : Príroda, 1988  |g S. 39-50 
850 |a Slovenská národná knižnica v Martine  |a MTA001 
852 |a SNK  |b KIS3GCP 
954 |a odborná, vedecká literatúra pôvodná (slovenská)  |2 lita 
958 |a NB 
958 |a RK 
958 |a OND 
958 |a EUIPO 
958 |a article13 
992 |a RZB 
999 |c 2049413  |d 2051343